00377nam a2200145Ia 4500003000400000005001700004008004100021040000700062041000800069082002100077100002300098245004300121260005400164365001300218OSt20230530153733.0210423s2002 xx 000 0 und d cAL aeng a303.372 BAGI223 aBAGCHI (Santance). aIdeas on socialism and social justice. aNew DelhibKanishka Publishers Distributorsc2002 b495cINR